[Event "AUTO-OPEN-2967"]
[Site "http://www.queenalice.com/game.php?id=1171966"]
[Date "2013.4.15"]
[Round "1"]
[White "Parma"]
[Black "Markus1234567"]
[Result "0-1"]
[WhiteElo "1717"]
[BlackElo "1979"]

1. d4 d5 2. c4 c6 3. e3 Bf5 4. Nc3 e6 5. Nge2 Bb4 6. a3 Ba5 7. b4 Bc7 8. cxd5
cxd5 9. Ng3 Ne7 10. Nxf5 Nxf5 11. g3 O-O 12. Bg2 Nd7 13. O-O a6 14. e4 dxe4 15.
Bxe4 Qf6 16. Bxf5 Qxf5 17. Be3 Nf6 18. Na4 Ng4 19. Nc5 Qh5 20. h4 Qg6 21. Nxb7
Nxe3 0-1

[Event "AUTO-OPEN-2967"]
[Site "http://www.queenalice.com/game.php?id=1171967"]
[Date "2013.4.15"]
[Round "1"]
[White "Markus1234567"]
[Black "Parma"]
[Result "1-0"]
[WhiteElo "1959"]
[BlackElo "1724"]

1. Nf3 d5 2. d4 e6 3. e3 Nf6 4. Bd3 c5 5. c3 Nc6 6. O-O Be7 7. Ng5 h6 8. Nh3 O-O
9. f4 cxd4 10. cxd4 e5 11. fxe5 Bxh3 12. exf6 Bxf6 13. gxh3 1-0

[Event "AUTO-ADV-2821"]
[Site "http://www.queenalice.com/game.php?id=1172117"]
[Date "2013.4.16"]
[Round "1"]
[White "choto"]
[Black "Markus1234567"]
[Result "1-0"]
[WhiteElo "1719"]
[BlackElo "1992"]

1. e4 e5 2. Nf3 Nc6 3. d4 exd4 4. Nxd4 Nxd4 5. Qxd4 c5 6. Qc4 b6 7. Qd5 Ne7 8.
Qxa8 Qc7 9. Nc3 Nc6 10. Ba6 Nb4 11. Bxc8 Nxc2+ 12. Ke2 Nxa1 13. Bf4 Qxf4 14.
Bb7+ Ke7 15. Nd5+ 1-0

[Event "AUTO-ADV-2821"]
[Site "http://www.queenalice.com/game.php?id=1172118"]
[Date "2013.4.16"]
[Round "1"]
[White "Markus1234567"]
[Black "choto"]
[Result "0-1"]
[WhiteElo "1981"]
[BlackElo "1746"]

1. e4 c5 2. Bc4 Nc6 3. f4 Nf6 4. e5 d5 5. Bb5 Nd7 6. Nc3 Nd4 7. Nf3 Nxb5 8. Nxb5
e6 9. O-O Be7 10. d4 Qb6 11. a4 a6 12. Nc3 cxd4 13. Nxd4 Bc5 14. Ne2 O-O 15. c3
a5 16. Kh1 f6 17. exf6 Nxf6 18. Nb5 Bd7 19. Ned4 Ne4 20. Qg4 Rf6 21. f5 e5 22.
Ne6 Bxe6 23. Bg5 Rxf5 24. Rxf5 Bxf5 25. Qxf5 Nf2+ 26. Kg1 Rf8 27. Qd7 Ne4+ 28.
Kh1 Nxg5 29. Qxd5+ Kh8 30. Qxe5 Nh3 31. b4 Nf2+ 32. Kg1 Be3 33. Qe7 Nd1+ 34. Kh1
Rf1# 0-1

[Event "AUTO-ADV-2821"]
[Site "http://www.queenalice.com/game.php?id=1172129"]
[Date "2013.4.16"]
[Round "1"]
[White "Duendemalefyco"]
[Black "Markus1234567"]
[Result "0-1"]
[WhiteElo "1855"]
[BlackElo "1970"]

1. e4 e5 2. f4 exf4 3. Bc4 Qh4+ 4. Kf1 Bc5 5. d4 Bb6 6. Nf3 Qg4 7. Bxf7+ Kf8 8.
Bc4 Nc6 9. c3 d6 10. Kf2 Nf6 11. Re1 Bd7 12. Nbd2 Re8 13. Bd3 Ke7 14. Nf1 g5 15.
a4 Kd8 16. b4 a5 17. b5 Ne5 18. Nxe5 dxe5 19. Bb2 h5 20. Qc2 h4 21. h3 Qh5 22.
c4 exd4 23. c5 Ba7 24. Bxd4 Rhf8 25. b6 Bb8 26. Qb2 Qg6 27. bxc7+ Kxc7 28. Qb6+
Kc8 29. Rab1 Bc6 30. Ba6 Nxe4+ 0-1

[Event "AUTO-ADV-2821"]
[Site "http://www.queenalice.com/game.php?id=1172130"]
[Date "2013.4.16"]
[Round "1"]
[White "Markus1234567"]
[Black "Duendemalefyco"]
[Result "1-0"]
[WhiteElo "1944"]
[BlackElo "1866"]

1. e4 d5 2. e5 Bf5 3. f4 e6 4. Nf3 c5 5. Bb5+ Nc6 6. d4 Qb6 7. a4 a6 8. Bxc6+
bxc6 9. a5 Qa7 10. Be3 c4 11. O-O Rb8 12. Ra2 Qc7 13. Bd2 c5 14. c3 Ne7 15. Nh4
Bd3 16. Rf3 Nc6 17. dxc5 Bxc5+ 18. Be3 Qa7 19. Bxc5 Qxc5+ 20. Kh1 Bxb1 21. Qxb1
Nxa5 22. f5 exf5 23. Nxf5 g6 24. Nd6+ 1-0

[Event "AUTO-ADV-2821"]
[Site "http://www.queenalice.com/game.php?id=1172135"]
[Date "2013.4.16"]
[Round "1"]
[White "tercer"]
[Black "Markus1234567"]
[Result "1-0"]
[WhiteElo "1794"]
[BlackElo "1954"]

1. e4 e5 2. Nf3 Nc6 3. Bb5 Nge7 4. O-O Nd4 5. Bc4 Nec6 6. Nxd4 Nxd4 7. c3 Ne6 8.
d4 exd4 9. cxd4 Be7 10. Nc3 O-O 11. Be3 c6 12. d5 Nc7 13. d6 Bf6 14. dxc7 Qxc7
15. Bc5 Re8 16. Bd6 Qa5 17. Qf3 b5 18. Qf5 Qa6 19. Bxf7+ Kxf7 20. e5 c5 21. Qh5+
g6 22. Qxh7+ Bg7 23. Ne4 Ke6 24. Qxg6+ Kd5 25. Nxc5 Re6 26. Qe4# 1-0

[Event "AUTO-ADV-2821"]
[Site "http://www.queenalice.com/game.php?id=1172136"]
[Date "2013.4.16"]
[Round "1"]
[White "Markus1234567"]
[Black "tercer"]
[Result "0-1"]
[WhiteElo "1932"]
[BlackElo "1816"]

1. e4 c5 2. c4 Nc6 3. Nc3 g6 4. d3 Bg7 5. Bg5 d6 6. Rb1 Nd4 7. Nf3 Nxf3+ 8. Qxf3
Bxc3+ 9. bxc3 Qa5 10. Rc1 h6 11. Bd2 Qxa2 12. Be2 Nf6 13. h3 g5 14. g4 Bd7 15.
e5 Bc6 16. Qe3 Bxh1 17. exf6 e5 18. d4 O-O-O 19. d5 e4 20. Qg3 Bf3 21. Bf1 Rhg8
22. h4 gxh4 23. Qxh4 Rxg4 24. Qxh6 Rg1 25. Qh3+ Kc7 26. Bf4 Qe2# 0-1

[Event "AUTO-MASTER-1855"]
[Site "http://www.queenalice.com/game.php?id=1172399"]
[Date "2013.4.16"]
[Round "1"]
[White "favazza2007"]
[Black "Markus1234567"]
[Result "1/2-1/2"]
[WhiteElo "1904"]
[BlackElo "1956"]

1. c4 e5 2. Nc3 Bc5 3. g3 Nf6 4. Bg2 Ng4 5. Nh3 f5 6. O-O O-O 7. d3 Nc6 8. Bg5
Qe8 9. Bd2 d6 10. a3 a5 11. Nd5 Qd7 12. b4 axb4 13. axb4 Rxa1 14. Qxa1 Bd4 15.
Bc3 Qf7 16. b5 Bxc3 17. Qxc3 Nd4 18. Qe1 f4 19. Ng5 Qh5 20. h4 c6 21. bxc6 bxc6
22. Ne7+ Kh8 23. Nxc8 Rxc8 24. Bf3 Rf8 25. Bxg4 Qxg4 26. f3 Qxg3+ 27. Qxg3 Nxe2+
28. Kf2 Nxg3 29. Rg1 g6 30. Ne4 Nxe4+ 31. fxe4 Kg7 32. h5 Ra8 33. hxg6 Ra2+ 34.
Kf3 Rd2 35. gxh7+ Kxh7 36. Rh1+ Kg7 37. Rg1+ Kf7 38. Kg4 Rxd3 39. Kf5 Rd4 40. c5
f3 41. cxd6 Rxd6 42. Kxe5 f2 43. Rf1 Rd2 44. Kf4 Ke6 45. Ke3 Rb2 46. Rxf2 Rb3+
47. Kd4 Rb4+ 48. Kc5 Rxe4 49. Kxc6 Rc4+ 50. Kb5 Rc8 51. Re2+ Kd5 52. Rd2+
1/2-1/2

[Event "AUTO-MASTER-1855"]
[Site "http://www.queenalice.com/game.php?id=1172400"]
[Date "2013.4.16"]
[Round "1"]
[White "Markus1234567"]
[Black "favazza2007"]
[Result "0-1"]
[WhiteElo "1962"]
[BlackElo "1838"]

1. e4 d5 2. exd5 Nf6 3. c4 e6 4. Qe2 Be7 5. dxe6 Bxe6 6. a3 O-O 7. g3 Re8 8. Bg2
Bxa3 9. Rxa3 Bxc4 10. Qe3 Rxe3+ 11. Rxe3 Nc6 12. Ne2 Bxe2 13. Rxe2 Rb8 14. O-O
Nd4 15. Re3 Nc2 16. Rc3 Nd4 17. Re3 c6 18. Na3 Nd5 19. Bxd5 Qxd5 20. f4 Nb3 21.
Rfe1 Qc5 22. Kg2 Qd5+ 23. Kh3 h6 24. d3 Nxc1 25. Rxc1 Qd4 26. Rce1 Qxb2 27. Nc4
Qf6 28. Re8+ Rxe8 29. Rxe8+ Kh7 30. Ne5 Qf5+ 31. Kh4 g5+ 32. fxg5 Qxg5+ 33. Kh3
Qh5+ 34. Kg2 f6 35. Re7+ Kg8 36. g4 Qg5 37. Re8+ Kg7 38. Re7+ Kf8 39. Rf7+ Kg8
40. Nf3 Qxg4+ 41. Kf2 Kxf7 0-1

[Event "AUTO-MASTER-1855"]
[Site "http://www.queenalice.com/game.php?id=1172415"]
[Date "2013.4.16"]
[Round "1"]
[White "Ridigroll"]
[Black "Markus1234567"]
[Result "1-0"]
[WhiteElo "2049"]
[BlackElo "1933"]

1. e4 e5 2. Nf3 Nc6 3. Bc4 Bc5 4. c3 a6 5. d4 exd4 6. cxd4 Ba7 7. Qb3 Qe7 8. O-O
Nxd4 9. Nxd4 Bxd4 10. Rd1 Qf6 11. Rxd4 Qxd4 12. Bxf7+ Kf8 13. Nc3 Nf6 14. Be3
Qe5 15. f4 Qe7 16. Bc4 b5 17. Bd3 d6 18. Rf1 Be6 19. Qd1 Bg4 20. Qe1 Kf7 21. Qg3
Be6 22. e5 Nh5 23. Qf3 Qh4 24. f5 Bc4 25. Bxc4+ bxc4 26. Qd5+ Ke7 27. Qe6+ Kd8
28. exd6 Qf6 29. dxc7+ Kxc7 30. Nd5+ Kd8 31. Bb6# 1-0

[Event "AUTO-MASTER-1855"]
[Site "http://www.queenalice.com/game.php?id=1172416"]
[Date "2013.4.16"]
[Round "1"]
[White "Markus1234567"]
[Black "Ridigroll"]
[Result "1-0"]
[WhiteElo "1922"]
[BlackElo "2060"]

1. e4 e6 2. d4 d5 3. e5 c5 4. c3 Nc6 5. Bb5 cxd4 6. cxd4 Bd7 7. Ba4 Qa5+ 8. Nc3
Bb4 9. Bxc6 Bxc3+ 10. bxc3 Qxc3+ 11. Qd2 Qxd2+ 12. Bxd2 Bxc6 13. Ne2 Ne7 14. Bb4
Nf5 15. a4 Kd7 16. O-O h5 17. Rfd1 h4 18. Rd3 Rac8 19. Nf4 g5 20. Nh3 g4 21. Ng5
Nh6 22. f4 Rhd8 23. Nh7 Ng8 24. Ng5 Ke8 25. h3 g3 26. Nf3 f6 27. Nxh4 fxe5 28.
Rxg3 Nf6 29. Rg6 Ne4 30. Rxe6+ Kf7 31. Re7+ Kf6 32. fxe5+ Kg5 33. Nf3+ Kf4 34.
e6 Rg8 35. Rf7+ Ke3 36. h4 Be8 37. Rf5 Rc2 38. Ra3+ Ke2 39. Kh2 Rxg2+ 40. Kxg2
Kd1+ 41. Kh3 Nf2+ 42. Kg3 Ne4+ 43. Kf4 1-0

[Event "Challenge"]
[Site "http://www.queenalice.com/game.php?id=1175566"]
[Date "2013.4.26"]
[Round "-"]
[White "Markus1234567"]
[Black "waldi"]
[Result "0-1"]
[WhiteElo "1911"]
[BlackElo "1939"]

1. e4 c5 2. c4 Nc6 3. Nc3 g6 4. f4 Bg7 5. e5 f6 6. exf6 Nxf6 7. d3 O-O 8. Nf3 d6
9. Be2 Bg4 10. O-O Nh5 11. Ng5 Bxe2 12. Nxe2 Qd7 13. Rb1 a5 14. Nc3 Bd4+ 15. Kh1
Nb4 16. a3 Bxc3 17. bxc3 Nc6 18. Qf3 e6 19. Be3 h6 20. Ne4 e5 21. g4 Nxf4 22.
Bxf4 Rxf4 23. Qxf4 exf4 24. Nf6+ Kg7 25. Nxd7 Ne5 26. Rxb7 Nxd7 0-1